| 000 | 01050nam a2200265 i 4500 | ||
|---|---|---|---|
| 001 | bg | ||
| 100 | 1 | _aJAKUBEK, Marek | |
| 245 | 1 | 0 |
_aKodeks cywilny : _bkodeks rodzinny i opiekuńczy, prawo międzynarodowe prywatne, księgi wieczyste i hipoteka, ochrona praw konsumentów, własność i najem lokali, inne ustawy cywilne / _coprac. Marek Jakubek. |
| 250 | _aStan prawny na dzień 1 października 2000 r. | ||
| 260 |
_aLublin : _bLubelskie Wydawnictwa Prawnicze, _c2000. |
||
| 300 |
_a395, [1] s. ; _c21 cm. |
||
| 650 | 9 |
_aRodzina _xprawo _zPolska _ystan na 2000 r. |
|
| 650 | 9 |
_aPrawo prywatne międzynarodowe _ystan na 2000 r. |
|
| 650 | 9 |
_aHipoteka _xprawo _zPolska _ystan na 2000 r. |
|
| 650 | 9 |
_aPrawo cywilne _zPolska _ystan na 2000 r. |
|
| 650 | 9 |
_aPrawo lokalowe _zPolska _ystan na 2000 r. |
|
| 650 | 9 |
_aWłasność _xprawo _zPolska _ystan na 2000 r. |
|
| 020 | _a8385575898 | ||
| 040 | _cBPK | ||
| 041 | 0 | _apol | |
| 080 | _a347+341.9](438)(094.4) | ||
| 920 | _a83-85575-89-8 | ||
| 942 | _cKS | ||
| 008 | s pl f |000 0 pol | ||
| 999 |
_c52348 _d52348 |
||
| 856 |
_uhttp://koha.tu.koszalin.pl/cgi-bin/koha/opac-detail.pl?biblionumber=52348 _yKatalog online BPK |
||